00281nam a2200121Ia 4500003000400000008004100004040001600045082001700061245002800078260004000106300000800146490000500154GCL140319s9999 xx 000 0 ara d aGCL / cGCL04a411.1bز ك10aكتاب اللامات a[S.N] : bدار صادر ، c1992 a207 a